Skz 5-star songs - Statistics

General Stats
  • This quiz has been taken 157 times
  • The average score is 7 of 12
Answer Stats
Answer % Correct
S-Class
95%
Super Bowl
75%
Hall of Fame
74%
ITEM
70%
FNF
65%
DLC
63%
Youtiful
61%
Collision
54%
GET LIT
52%
Mixtape : Time Out
29%
THE SOUND (Korean Ver.)
17%
TOPLINE (Feat. Tiger JK)
12%
No matching quizzes found
Score Distribution
Percent of People with Each Score
Percentile by Number Answered
Your Score History
You have not taken this quiz